Tabela stratygraficzna - Statystyki

Ogólne statystyki
  • Ten quiz został rozwiązany 17 razy
  • Średni wynik to 63 z 162
Statystyki odpowiedzi
Odpowiedź % Poprawnych
kenozoik
85%
neogen
85%
paleogen
85%
czwartorzęd
77%
jura
77%
kreda
77%
mezozoik
77%
trias
77%
dewon
69%
holocen
69%
kambr
69%
karbon
69%
miocen
69%
oligocen
69%
ordowik
69%
paleocen
69%
perm
69%
sylur
69%
eocen
62%
paleozoik
62%
plejstocen
62%
pliocen
62%
cisural
54%
dolny
54%
górny
54%
gwadelup
54%
loping
54%
mississipp
54%
pensylwan
54%
pridol
54%
środkowy
54%
fortun
46%
furong
46%
landover
46%
ludlow
46%
oddział 2
46%
oddział 3
46%
piętro 2
46%
piętro 3
46%
terenew
46%
wenlok
46%
archaik
38%
artyńsk
38%
aselsk
38%
baszkir
38%
czangszing
38%
daping
38%
darriwil
38%
eifel
38%
ems
38%
famen
38%
flo
38%
fran
38%
gżel
38%
hadeik
38%
hetang
38%
hirnant
38%
jangshan
38%
kapitan
38%
kat
38%
kazimow
38%
lochkow
38%
moskow
38%
paibi
38%
piętro 10
38%
piętro 4
38%
prag
38%
prekambr
38%
proterozoik
38%
road
38%
sakmar
38%
sandb
38%
synemur
38%
tremadok
38%
turnej
38%
wczesny
38%
word
38%
wucziaping
38%
aalen
31%
aeron
31%
akwitan
31%
alb
31%
anizyk
31%
apt
31%
bajos
31%
barrem
31%
barton
31%
baton
31%
berias
31%
burdygał
31%
cenoman
31%
dan
31%
drum
31%
gelas
31%
gorst
31%
grenland
31%
gużang
31%
homer
31%
hoteryw
31%
ind
31%
iprz
31%
kalabr
31%
kampan
31%
karnik
31%
kelowej
31%
kimeryd
31%
koniak
31%
kungur
31%
ladyn
31%
lang
31%
ludford
31%
lutet
31%
mastrycht
31%
megalaj
31%
messyn
31%
northgrip
31%
noryk
31%
oksford
31%
olenek
31%
piacent
31%
plejstocen górny
31%
pliensbach
31%
późny
31%
priabon
31%
retyk
31%
rhuddan
31%
rupel
31%
santon
31%
serpuchow
31%
serrawal
31%
sheinwood
31%
szat
31%
tanet
31%
telych
31%
toark
31%
torton
31%
turon
31%
tyton
31%
walanżyn
31%
wizen
31%
wuliuan
31%
zankl
31%
zeland
31%
ediakar
23%
eoarchaik
23%
mezoarchaik
23%
mezoproterozoik
23%
neoarchaik
23%
neoproterozoik
23%
paleoarchaik
23%
paleoproterozoik
23%
ton
23%
ectas
15%
kalym
15%
kriogen
15%
orosir
15%
riak
15%
sider
15%
sten
15%
stater
8%
żywiet
8%
Nie znaleziono quizów pasujących do podanych kryteriów
Rozkład punktacji
Procent ludzi z każdym wynikiem
Percentyl według liczby udzielonych odpowiedzi
Twoja historia wyników
Nie rozwiązałeś tego quizu